000 01032nam a2200265Ia 4500
003 OSt
005 20221005110244.0
006 a|||||r|||| 00| 0
007 ta
008 221004b |||||||| |||| 00| 0 hin d
020 _a8126006404 (hbk)
_c500
024 _a92703
037 _b494, 19/03/2009, Vani Prakashan
_cTextual
040 _aCRL
_cCRL
_bhin
041 _2hin
_ahin
082 _aO113,4M75x, 152N9
100 _aरिल्के, राइनेर मारिया
245 0 _aरिल्के के प्रतिनिधि पत्र
246 _aRilke ke pratinidhi patra
260 _aनई दिल्ली
_bसाहित्य अकादेमी भारतु
_c1999
300 _a196पृ0
_ccm.
700 _a सेठ, राजी, अनु.
942 _hO113,4M75x, 152N9
_cTEXL
_2cc
999 _c1018241
_d1018241